| 000 | 00744cam a2200217 4500 | ||
|---|---|---|---|
| 001 | ABS61708 | ||
| 008 | 000000n1999 000 0 eng u | ||
| 035 | _a(Sirsi) u103205 | ||
| 100 | _aBorowski, J. | ||
| 245 | _aPoland - an investment market emerges | ||
| 260 | _c1999 | ||
| 490 |
_aProperty Forecast _v 2(11) November 1999, 8-11(2) |
||
| 520 | _aLooks at the growing investment market in Poland and reflects on its economic history and future. | ||
| 590 | _aABS | ||
| 650 | _aPOLAND | ||
| 650 | _aINVESTMENT MARKET | ||
| 650 | _aPROPERTY-COMMERCIAL PROPERTY-OFFICE PROPERTY-OFFICE PROPERTY MARKET | ||
| 650 | _aPROPERTY-COMMERCIAL PROPERTY-RETAIL PROPERTY-RETAIL PROPERTY MARKET | ||
| 690 | _aINTERNATIONAL-EUROPE | ||
| 942 | _n0 | ||
| 999 |
_c62030 _d62030 |
||